ABC of diabetes. (Record no. 20675)
[ view plain ]
| 000 -LEADER | |
|---|---|
| fixed length control field | 01596cam a22002775a 4500 |
| 001 - CONTROL NUMBER | |
| control field | 15681731 |
| 005 - DATE AND TIME OF LATEST TRANSACTION | |
| control field | 20151115141202.0 |
| 008 - FIXED-LENGTH DATA ELEMENTS--GENERAL INFORMATION | |
| fixed length control field | 090327s2010 enka frb 001 0 eng d |
| 020 ## - INTERNATIONAL STANDARD BOOK NUMBER | |
| International Standard Book Number | 9781405177849 |
| 040 ## - CATALOGING SOURCE | |
| Original cataloging agency | DNLM/DLC |
| Transcribing agency | DLC |
| Modifying agency | YDX |
| -- | NLM |
| -- | UKM |
| -- | ZQP |
| -- | YDXCP |
| -- | CDX |
| -- | DLC |
| -- | EG-ScBUE |
| Language of cataloging | eng |
| 082 04 - DEWEY DECIMAL CLASSIFICATION NUMBER | |
| Classification number | 616.462 |
| Edition number | 22 |
| Item number | HOL |
| 100 1# - MAIN ENTRY--PERSONAL NAME | |
| Personal name | Holt, Tim A. |
| 9 (RLIN) | 38742 |
| 245 10 - TITLE STATEMENT | |
| Title | ABC of diabetes. |
| Statement of responsibility, etc | Tim Holt, Sudhesh Kumar. |
| 250 ## - EDITION STATEMENT | |
| Edition statement | 6th ed. |
| 260 ## - PUBLICATION, DISTRIBUTION, ETC. (IMPRINT) | |
| Place of publication, distribution, etc | Oxford ; |
| -- | Chichester ; |
| -- | Hoboken : |
| Name of publisher, distributor, etc | Wiley-Blackwell / BMJ Books, |
| Date of publication, distribution, etc | 2010. |
| 300 ## - PHYSICAL DESCRIPTION | |
| Extent | viii, 104 p. : |
| Other physical details | ill. (some col.) ; |
| Dimensions | 28 cm. |
| 490 0# - SERIES STATEMENT | |
| Series statement | ABC series |
| 500 ## - GENERAL NOTE | |
| General note | Index : p. 101-104. |
| 500 ## - GENERAL NOTE | |
| General note | Rev. ed. of: ABC of diabetes / Peter J. Watkins. 5th ed. 2003. |
| 504 ## - BIBLIOGRAPHY, ETC. NOTE | |
| Bibliography, etc | Includes bibliographical references. |
| 505 0# - FORMATTED CONTENTS NOTE | |
| Formatted contents note | Diagnosing diabetes -- Types of diabetes -- Helping people live with diabetes -- Early detection and prevention of diabetes -- Cardiovascular disease -- Management of blood glucose in type 2 diabetes -- Hyperglycaemic emergencies and management of diabetes in hospital -- Insulin therapy -- Hypoglycaemia -- Self-management of diabetes -- Surveillance for complications -- Kidney disease in diabetes -- Eye disease in diabetes -- The diabetic foot -- Diabetic neuropathy -- Psychological issues related to diabetes care -- Diabetes and pregnancy -- Organisation of diabetes care in general practice -- New and emerging therapies for diabetes -- Support for people living with diabetes. |
| 650 #0 - SUBJECT ADDED ENTRY--TOPICAL TERM | |
| Topical term or geographic name as entry element | Diabetes |
| Source of heading or term | BUEsh |
| 653 ## - INDEX TERM--UNCONTROLLED | |
| Resource For college | Nursing |
| Arrived date list | August2015 |
| -- | November2015 |
| 700 1# - ADDED ENTRY--PERSONAL NAME | |
| Personal name | Kumar, Sudhesh. |
| 942 ## - ADDED ENTRY ELEMENTS (KOHA) | |
| Source of classification or shelving scheme | Dewey Decimal Classification |
| Withdrawn status | Lost status | Source of classification or shelving scheme | Damaged status | Not for loan | Koha collection | Home library | Current library | Shelving location | Date acquired | Source of acquisition | Cost, normal purchase price | Serial Enumeration / chronology | Total Checkouts | Total Renewals | Full call number | Barcode | Date last seen | Date last borrowed | Cost, replacement price | Koha item type |
|---|---|---|---|---|---|---|---|---|---|---|---|---|---|---|---|---|---|---|---|---|
| Dewey Decimal Classification | Baccah | Central Library | Central Library | First floor | 24/08/2015 | Purchase | 445.00 | 23317 | 6 | 7 | 616.462 HOL | 000039033 | 15/07/2025 | 21/03/2019 | 589.00 | Book - Borrowing |